| 000 | 01088pam a2200325 a 4500 | ||
|---|---|---|---|
| 001 | 3342 | ||
| 003 | FISKH | ||
| 005 | 20240228154901.0 | ||
| 008 | 871124s1989 nyua j b 001 0 eng | ||
| 010 | _a 87032332 | ||
| 020 | _a0590413384 : | ||
| 020 | _a9780590413398 | ||
| 040 |
_aDLC _cDLC _dDLC _beng |
||
| 042 | _alcac | ||
| 043 | _ae-gr--- | ||
| 050 | 0 | 0 |
_aBL782 _b.O86 1989 |
| 082 | 0 | 0 |
_a292/.13 _219 |
| 100 | 1 | _aOsborne, Mary Pope. | |
| 245 | 1 | 0 |
_aFavorite Greek myths / _cretold by Mary Pope Osborne ; illustrated by Troy Howell. |
| 260 |
_aNew York : _bScholastic, _c1989. |
||
| 300 |
_a81 pages : _bcolor illustrations ; _c28 cm |
||
| 504 | _aIncludes bibliographical references. | ||
| 520 | _aRetells twelve tales from Greek mythology, including the stories of King Midas, Echo and Narcissus, the Golden Apples, and Cupid and Psyche. | ||
| 650 | 0 |
_aMythology, Greek _xJuvenile literature. |
|
| 650 | 1 | _aMythology, Greek. | |
| 700 | 1 |
_aHowell, Troy, _eillustrator |
|
| 906 |
_a7 _bcbc _corignew _d1 _eocip _f19 _gy-gencatlg |
||
| 942 |
_2ddc _cBK _n0 |
||
| 999 |
_c3342 _d3342 |
||